| 000 | 01245nam a2200325 i 4500 | ||
|---|---|---|---|
| 001 | 188423 | ||
| 003 | SpMaBN | ||
| 005 | 20231219133702.0 | ||
| 008 | 180920s2016 sp a |||| |dspa d | ||
| 020 | _a978-84-220-1902-2 | ||
| 080 | _a27-9(460.288) | ||
| 080 | _a272-722.52(460.288.2) | ||
| 080 | _a272-772(460.288.2) | ||
| 100 | 1 |
_aVilar, María José. _9114799 |
|
| 245 | 1 | 3 |
_aLa diócesis de Albacete _b: una aproximación al catolicismo español actual / _cMaría José Vilar. |
| 260 |
_aMadrid : _bBiblioteca de Autores Cristianos, _c2016. |
||
| 300 |
_aXXII, 173 p. : _bil. ; _c21 cm. |
||
| 490 | 1 |
_aEstudios y ensayos BAC ; _v195. _aHistoria |
|
| 500 | _aÍndices. | ||
| 504 | _aBibliografía: p. [117]-147. | ||
| 610 | 2 | 7 |
_aAlbacete (Diócesis) _9165521 |
| 650 | 7 |
_aObispos- _zAlbacete. _9165522 |
|
| 651 | 7 |
_aAlbacete (Provincia)- _xHistoria eclesiástica. _9165523 |
|
| 830 | 0 |
_aEstudios y ensayos BAC ; _v195. _aHistoria _9225130 |
|
| 852 |
_aES-MaACL _jA-14253 _9195553 _bR.151528 _cDEPO1 _dOlim: N-7253 _gDedicatoria autógrafa de la autora _hDonación: María José Vilar |
||
| 903 |
_9114799 _aVilar, María José _ednr |
||
| 942 |
_2udc _cMONOGRAFIA |
||
| 999 |
_c188423 _d188423 |
||